|
|
|
|
| LEADER |
01534nam a2200397 a 4500 |
| 001 |
nkc20081832930 |
| 003 |
CZ PrNK |
| 005 |
20090220083107.0 |
| 007 |
ta |
| 008 |
081223s2008 xr a d 000 p cze |
| 015 |
|
|
|a cnb001832930
|
| 020 |
|
|
|a 978-80-7333-064-4
|q (brož.)
|
| 035 |
|
|
|a (OCoLC)316301495
|
| 040 |
|
|
|a ABA001
|b cze
|
| 072 |
|
7 |
|a 531
|x Obecná mechanika. Mechanika pevných a tuhých těles
|2 Konspekt
|9 6
|
| 072 |
|
7 |
|a 37.016
|x Učební osnovy. Vyučovací předměty. Učebnice
|2 Konspekt
|9 22
|
| 080 |
|
|
|a 531.8
|2 MRF
|
| 080 |
|
|
|a (075.3)
|2 MRF
|
| 100 |
1 |
|
|a Mičkal, Karel
|7 jx20040618024
|4 aut
|
| 245 |
1 |
0 |
|a Technická mechanika II :
|b pro střední odborná učiliště /
|c Karel Mičkal
|
| 246 |
3 |
|
|a Technická mechanika II pro střední odborná učiliště
|
| 250 |
|
|
|a 4., nezměn. vyd.
|
| 260 |
|
|
|a Praha :
|b Informatorium,
|c 2008
|
| 300 |
|
|
|a 118 s. :
|b il. ;
|c 21 cm
|
| 504 |
|
|
|a Obsahuje bibliografii
|
| 650 |
0 |
7 |
|a technická mechanika
|7 ph126462
|2 czenas
|
| 650 |
0 |
9 |
|a technical mechanics
|2 eczenas
|
| 655 |
|
7 |
|a učebnice středních škol
|7 fd133771
|2 czenas
|
| 655 |
|
9 |
|a textbooks (secondary)
|2 eczenas
|
| 655 |
9 |
7 |
|a učebnice učňovských škol
|7 fd338605
|2 czenas
|
| 856 |
4 |
1 |
|u http://www.digitalniknihovna.cz/mzk/uuid/uuid:29c24480-9570-11e3-a744-005056827e52
|y Digitalizovaný dokument
|x NDK
|
| 910 |
2 |
|
|a BOA001
|b 2-1215.541
|
| 990 |
|
|
|a BK
|
| 995 |
|
|
|a 01
|
| 991 |
|
|
|b 200901
|c NOV
|
| 996 |
6 |
|
|b 2610361642
|c 2-1215.541
|l MZK
|r Sklad / do 1 hodiny
|n 0
|p p.v.
|w 000923771
|u 000010
|a 1
|e BOA001
|j MZK50
|s P
|